00246 a2200121 4500001000700000020000600007040001100013100001600024240003600040245003100076300000800107362000900115182809 a  cMagnum aMalba Tahan10aLendas do céu e da terralpor10aLendas do céu e da terra a2220 a1964